| 000 | 00637nam a2200169 4500 | ||
|---|---|---|---|
| 999 |
_c14643 _d14643 |
||
| 008 | 191021b ||||| |||| 00| 0 eng d | ||
| 022 | _a03080587 | ||
| 082 | _aDPer 420.5 M72 Apr-Oct 2011 v. 20, n. 2-4 | ||
| 100 |
_940473 _aConiam, David. |
||
| 245 |
_aTell your group/ _cDavid Coniam, Mandy Lee Wai Man and Kerry Howard. |
||
| 260 |
_aChichester, West Sussex: _bPavilion Publishing, _c©2011. |
||
| 300 |
_av20 n3, pages 26-29: _bcolor illustrations; _c30 cm. |
||
| 650 |
_aLanguage and languages _xExaminations. _940638 |
||
| 700 |
_940474 _aLee Wai Man, Mandy. _eAuthor. |
||
| 700 |
_940475 _aHoward, Kerry. _eAuthor. |
||
| 942 |
_2ddc _cPER |
||